<?xml version="1.0" encoding="UTF-8"?>
<marc:record xmlns:marc="http://www.loc.gov/MARC21/slim">
   <marc:leader>00000nam a2200000 a 4500</marc:leader>
   <marc:datafield ind1="1" ind2=" " tag="100">
      <marc:subfield code="a">Angermayer, Karen Christine</marc:subfield>
      <marc:subfield code="4">aut</marc:subfield>
      <marc:subfield code="e">Verfasser/-in</marc:subfield>
   </marc:datafield>
   <marc:datafield ind1="1" ind2=" " tag="100">
      <marc:subfield code="a">Montgomery, L. M.</marc:subfield>
      <marc:subfield code="4">aut</marc:subfield>
      <marc:subfield code="e">Verfasser/-in</marc:subfield>
   </marc:datafield>
   <marc:datafield ind1="0" ind2="0" tag="245">
      <marc:subfield code="a">Anne auf Green Gables</marc:subfield>
   </marc:datafield>
   <marc:datafield ind1="0" ind2="0" tag="245">
      <marc:subfield code="c">Karen Christine Angermayer ; nach einer Geschichte von Lucy Maud Montgomery ; mit Illustrationen von Marie Braner</marc:subfield>
   </marc:datafield>
   <marc:datafield ind1=" " ind2="1" tag="264">
      <marc:subfield code="a">München</marc:subfield>
      <marc:subfield code="b">Penguin JUNIOR</marc:subfield>
      <marc:subfield code="c">2022</marc:subfield>
   </marc:datafield>
   <marc:datafield ind1="1" ind2=" " tag="490">
      <marc:subfield code="a">Einfach selber lesen - Kinderbuchklassiker</marc:subfield>
   </marc:datafield>
   <marc:datafield ind1=" " ind2=" " tag="250">
      <marc:subfield code="a">1. Auflage</marc:subfield>
   </marc:datafield>
   <marc:datafield ind1="1" ind2=" " tag="520">
      <marc:subfield code="a">Angaben aus der Verlagsmeldung

Penguin JUNIOR – Einfach selbst lesen: Kinderbuchklassiker - Anne auf Green Gables : Einfach Lesen ab 7 Jahren / von Lucy Maud Montgomery, Karen Christine Angermayer

Kinderbuchklassiker einfach selbst lesen: Wirbelwind Anne muss man einfach lieben

Das Waisenkind Anne Shirley kommt durch eine Verwechslung zu den Geschwistern Matthew und Marilla, die in Kanada auf der Farm Green Gables leben. Kurzerhand nehmen Matthew und Marilla Anne auf, obwohl sie eigentlich einen Jungen erwartet hatten, der ihnen auf dem Hof helfen sollte. Fortan stellt die rothaarige, sommersprossige Anne mit ihrem wilden Temperament, dem ungebrochenen Redefluss und ihrer überschäumenden Fantasie das Leben in dem kleinen Ort Avonlea auf den Kopf.

• Große, gut erfassbare Schrift

• Unterteilt in mehrere Kapitel

• Ideal für geübtere Leseanfänger/-innen

Ausstattung: Mit fbg. Illustrationen

</marc:subfield>
   </marc:datafield>
   <marc:datafield ind1=" " ind2=" " tag="020">
      <marc:subfield code="a">9783328301165</marc:subfield>
      <marc:subfield code="9">9783328301165</marc:subfield>
   </marc:datafield>
   <marc:datafield ind1=" " ind2=" " tag="020">
      <marc:subfield code="a">332830116X</marc:subfield>
      <marc:subfield code="9">332830116X</marc:subfield>
   </marc:datafield>
   <marc:datafield ind1=" " ind2=" " tag="041">
      <marc:subfield code="a">ger</marc:subfield>
   </marc:datafield>
   <marc:datafield ind1=" " ind2=" " tag="300">
      <marc:subfield code="a">88 Seiten</marc:subfield>
   </marc:datafield>
</marc:record>
